000 00874nam a2200277 i 4500
001 19434
003 ES-MaACL
005 20250604062531.0
007 t|
008 020716s2001 sp ||||0| spa j
020 _a84-306-0441-3
040 _aM-BN
_bspa
_cM-BN
080 _a323.17(460)"18"
080 _a94(460)"18"
100 _aÁlvarez Junco, José,
_d1942-
_9237536
245 1 0 _aMater dolorosa
_b: la idea de España en el siglo XIX /
_cJosé Alvarez Junco.
260 _aMadrid :
_b[Taurus,
_c2001]
300 _a684, [16] p. de lám ;
_c25 cm.
490 1 _aTaurus historia
504 _aBibliografía: p. 629-653. Indice.
650 1 4 _aNacionalismo-
_zEspaña-
_yS.XIX.
_915450
651 7 _aEspaña-
_xHistoria-
_yS.XIX
_2
_9142005
830 0 _aTaurus historia
_9180684
852 _aES-MaACL
_jL-25867
_bR.131135
999 _c19434
_d19434